000 00630nam a2200241Ia 4500
005 20260429112121.0
008 260429s9999||||xx |||||||||||||| ||und||
020 _a9780367240042
041 _aEnglish
082 _a512.5
_bWOE
100 _aWoerdeman, Hugo J.
245 0 _aAdvanced linear algebra /
_cHugo J. Woerdeman
250 _a1st ed.
260 _aBoca Raton :
_bCRC Press,
_c2025.
300 _axxi, 327 p.; hb
440 _aTextbooks in mathematics
650 _a Matrix
650 _a Vector spaces
650 _aLinear algebra
700 _a Rosen, Kennethg H.
700 _aBoggess, Al
942 _cTB
999 _c52438
_d52438